International encyclopedia of chemical science

Salvato in:
Dettagli Bibliografici
Natura: Libro
Lingua:Undetermined
Pubblicazione: New York D. van Nostrand 1964
Soggetti:
Tags: Aggiungi Tag
Nessun Tag, puoi essere il primo ad aggiungerne! !
Thư viện lưu trữ: Trung tâm Học liệu Trường Đại học Cần Thơ
LEADER 00438nam a2200157Ia 4500
001 CTU_26224
008 210402s9999 xx 000 0 und d
082 |a 540.3 
082 |b I.61 
245 0 |a International encyclopedia of chemical science 
260 |a New York 
260 |b D. van Nostrand 
260 |c 1964 
650 |a chemistry - dictionaries 
904 |i Minh, 981012 
980 |a Trung tâm Học liệu Trường Đại học Cần Thơ